00562pab a2200169 454500008004000000100002800040245008500068260000900153300001400162362000800176650003000184773004100214908000600255909001000261999001700271952010400288180718b2010 xxu||||| |||| 00| 0 eng d aBernauer, Thomas et al. aA comparison of international and domestic sources of global governance dynamics c2010 ap.509-38. aJul aInternational cooperation aBritish Journal of Political Science aN a87406 c87406d87406 00104070aIIPAbIIPAd2018-07-19hVolume no: 40, Issue no: 3pAR87866r2018-07-19w2018-07-19yAR